|
|
|
|
| LEADER |
02658cam a2200757 i 4500 |
| 001 |
nkc20183023227 |
| 003 |
CZ PrNK |
| 005 |
20190529082249.0 |
| 007 |
ta |
| 008 |
180801t20182018xr g f 000 0 cze d |
| 015 |
|
|
|a cnb003023227
|
| 020 |
|
|
|a 978-80-86442-69-3
|q (brožováno)
|
| 035 |
|
|
|a (OCoLC)1085402302
|
| 040 |
|
|
|a OSA001
|b cze
|e rda
|
| 041 |
1 |
|
|a cze
|h eng
|
| 072 |
|
7 |
|a 2-23/-27
|x Bible. Biblistika
|2 Konspekt
|9 5
|
| 080 |
|
|
|a 27-274.6
|2 MRF
|
| 080 |
|
|
|a 27-312
|2 MRF
|
| 080 |
|
|
|a 27-317/-318
|2 MRF
|
| 080 |
|
|
|a 27-184
|2 MRF
|
| 080 |
|
|
|a 27-423.79
|2 MRF
|
| 080 |
|
|
|a 27-584
|2 MRF
|
| 080 |
|
|
|a 27-184.85-838
|2 MRF
|
| 080 |
|
|
|a 2-474-256-277
|2 MRF
|
| 080 |
|
|
|a 2-231
|2 MRF
|
| 080 |
|
|
|a (0.062)
|2 MRF
|
| 100 |
1 |
|
|a Prince, Derek,
|d 1915-2003
|7 jo2004232823
|4 aut
|
| 240 |
1 |
0 |
|a Authority and power of God's word.
|l Česky
|
| 245 |
1 |
0 |
|a Autorita a moc Božího slova /
|c Derek Prince ; překlad: David Tulach
|
| 264 |
|
1 |
|a [Praha] :
|b Kontakt.cz, s.r.o.,
|c [2018]
|
| 264 |
|
4 |
|c ©2018
|
| 300 |
|
|
|a 55 stran ;
|c 18 cm
|
| 336 |
|
|
|a text
|b txt
|2 rdacontent
|
| 337 |
|
|
|a bez média
|b n
|2 rdamedia
|
| 338 |
|
|
|a svazek
|b nc
|2 rdacarrier
|
| 500 |
|
|
|a Přeloženo z angličtiny
|
| 600 |
0 |
7 |
|a Ježíš Kristus
|7 ola2002103454
|2 czenas
|
| 600 |
0 |
9 |
|a Jesus Christ
|2 eczenas
|
| 630 |
0 |
7 |
|a Bible
|7 unn2006374667
|2 czenas
|
| 630 |
0 |
9 |
|a Bible
|2 eczenas
|
| 650 |
0 |
7 |
|a autorita Bible
|7 ph915567
|2 czenas
|
| 650 |
0 |
7 |
|a život Ježíše Krista
|7 ph138453
|2 czenas
|
| 650 |
0 |
7 |
|a učení Ježíše Krista
|7 ph838923
|2 czenas
|
| 650 |
0 |
7 |
|a Bůh a člověk
|7 ph116953
|x křesťanské pojetí
|2 czenas
|
| 650 |
0 |
7 |
|a křesťanská víra
|7 ph122113
|2 czenas
|
| 650 |
0 |
7 |
|a duchovní život
|7 ph114375
|2 czenas
|
| 650 |
0 |
7 |
|a charismatická obnova
|7 ph119128
|2 czenas
|
| 650 |
0 |
7 |
|a biblická interpretace
|7 ph118847
|2 czenas
|
| 650 |
0 |
7 |
|a biblické citáty
|7 ph118853
|2 czenas
|
| 650 |
0 |
9 |
|a biblical authority
|2 eczenas
|
| 650 |
0 |
9 |
|a life of Christ
|2 eczenas
|
| 650 |
0 |
9 |
|a teaching of Jesus Christ
|2 eczenas
|
| 650 |
0 |
9 |
|a relations between God and man
|x Christian approach
|2 eczenas
|
| 650 |
0 |
9 |
|a Christian faith
|2 eczenas
|
| 650 |
0 |
9 |
|a spiritual life
|2 eczenas
|
| 650 |
0 |
9 |
|a charismatic renewal
|2 eczenas
|
| 650 |
0 |
9 |
|a Biblical interpretation
|2 eczenas
|
| 650 |
0 |
9 |
|a Biblical quotations
|2 eczenas
|
| 655 |
|
7 |
|a populárně-naučné publikace
|7 fd131864
|2 czenas
|
| 655 |
|
9 |
|a popular works
|2 eczenas
|
| 700 |
1 |
|
|a Tulach, David
|7 xx0202924
|4 trl
|
| 910 |
2 |
|
|a BOA001
|b 1-1428.636
|
| 920 |
|
|
|a 000742998
|z OSA001
|
| 990 |
|
|
|a BK
|
| 995 |
|
|
|a 01
|
| 996 |
6 |
|
|b 2610780916
|c 1-1428.636
|l MZK
|r Sklad / do 1 hodiny
|n 0
|p p.v.
|w 001722469
|u 000010
|a 1
|e BOA001
|j MZK50
|s P
|